Chicago Quiz - Statistics

General Stats
  • This quiz has been taken 11 times
  • The average score is 7 of 10
Answer Stats
Question Answer % Correct
Which of these were NOT invented in Chicago Coca-cola
100%
Which of these is a Chicago sports team Cubs
100%
What is the tallest building in Chicago Sears/Willis tower
100%
Chicago is the- 3rd largest
90%
Which of these is not a food from Chicago Tacos
80%
What is the population of Chicago 2.74 million
70%
When was Chicago founded 1837
60%
What sports team is the Worst Packers
40%
What direction is the lake east
30%
How many sky scarpers are in Chicago. 130-150
10%
No matching quizzes found
Score Distribution
Percent of People with Each Score
Percentile by Number Answered
Your Score History
You have not taken this quiz